Cleft Orthodontics (Record no. 32860)

MARC details
000 -LEADER
fixed length control field 00325nam a22001577a 4500
003 - CONTROL NUMBER IDENTIFIER
control field SGT
020 ## - INTERNATIONAL STANDARD BOOK NUMBER
International Standard Book Number 9788194857082
082 ## - DEWEY DECIMAL CLASSIFICATION NUMBER
Classification number 617.643
Item number C22K
100 ## - MAIN ENTRY--PERSONAL NAME
Personal name Kharbanda, O. P.
245 ## - TITLE STATEMENT
Title Cleft Orthodontics
250 ## - EDITION STATEMENT
Edition statement 1st Ed.
260 ## - PUBLICATION, DISTRIBUTION, ETC. (IMPRINT)
Name of publisher, distributor, etc Thieme
Year of Publication 2022
300 ## - PAGE DESCRIPTION
No. of Pages 496
650 ## - SUBJECT ADDED ENTRY--TOPICAL TERM
Topical term or geographic name as entry element Orthodontics
942 ## - ADDED ENTRY ELEMENTS (KOHA)
Source of classification or shelving scheme Dewey Decimal Classification
Koha item type Books
Holdings
Withdrawn status Lost status Source of classification or shelving scheme Damaged status Use restrictions Not for loan Home library Current library Shelving location Date acquired Vendor Name Cost, normal purchase price SGTU Bill Number Total Checkouts Full call number Accession No. (Barcode) Date last seen Bill Date Koha item type
    Dewey Decimal Classification   Restricted Access Not For Loan SGT Dental Library SGT Dental Library Reference Book 21/10/2025 Ahuja Book Co. Pvt. Ltd. 6750.00 SGTU 21713   617.643 C22K FD9974 21/10/2025   Books